[Event "Doeberl Cup 47th"]
[Site "Canberra"]
[Date "2009.04.10"]
[Round "3"]
[White "Rej, Tomek"]
[Black "Xie, George Wendi"]
[Result "1/2-1/2"]
[WhiteElo "2308"]
[BlackElo "2402"]
[PlyCount "100"]
[EventDate "2009.04.09"]
[EventType "swiss"]
[EventRounds "9"]
[EventCountry "AUS"]
[SourceTitle "CBM 129 Extra"]
[Source "ChessBase"]
[SourceDate "2009.05.05"]
[SourceVersion "2"]
[SourceVersionDate "2009.05.20"]
[SourceQuality "1"]

1. e4 e6 2. d4 d5 3. e5 c5 4. c3 Nc6 5. Nf3 Bd7 6. Be2 Rc8 7. 0-0 Nge7 8. dxc5 Ng6 9. b4 Be7 10. Be3 Ncxe5 11. Nxe5 Nxe5 12. Nd2 0-0 13. f4 Nc6 14. Nb3 Bf6 15. Qd2 Ne7 16. a4 a6 17. Ra2 Qe8 18. a5 Bb5 19. Bd4 Bxd4+ 20. Nxd4 Bxe2 21. Qxe2 Qd7 22. Rd2 Kh8 23. Re1 Ng8 24. f5 exf5 25. Qf3 g6 26. c4 Nf6 27. cxd5 Qxd5 28. Qxd5 Nxd5 29. Nxf5 Nxb4 30. Nd6 Rxc5 31. Rb1 Nc6 32. Rxb7 Ne5 33. Re2 Kg8 34. Re7 Nd3 35. h3 Rxa5 36. R2e3 Nf4 37. Rf3 g5 38. h4 Ng6 39. Ra7 Nxh4 40. Rf1 Ng6 41. Nxf7 Nf4 42. Nh6+ Kh8 43. Re1 Nd5 44. Nf7+ Kg7 45. Nxg5+ Kg6 46. Nf3 Nf4 47. Ne5+ Kf5 48. g4+ Kg5 49. Rxh7 Rxe5 50. Rxe5+ Kxg4 1/2-1/2